Stati per forma di governo - Repubbliche parlamentari - Statistics

Statistiche generali
  • Questo quiz è stato fatto 59 volte
  • Il punteggio medio è 37 su 50
Statistiche sulle risposte
Continente Stato % Corretto
Europa Germania
98%
Europa Estonia
96%
Europa Italia
96%
Europa Austria
93%
Europa Bosnia ed Erzegovina
93%
Europa Bulgaria
93%
Europa Grecia
93%
Europa Irlanda
93%
Europa Lettonia
93%
Europa Repubblica Ceca
93%
Europa Slovacchia
93%
Europa Slovenia
93%
Europa Albania
91%
Europa San Marino
91%
Europa Serbia
91%
Europa Croazia
89%
Europa Finlandia
89%
Europa Islanda
89%
Europa Montenegro
87%
Europa Ungheria
85%
Asia Iraq
83%
Europa Malta
83%
Europa Armenia
80%
Asia / Europa Georgia
80%
Europa Macedonia del Nord
80%
Asia India
78%
Europa Moldavia
74%
America del Nord Dominica
72%
Africa Sudafrica
72%
Asia Israele
70%
Africa Etiopia
65%
Oceania Figi
65%
Oceania Vanuatu
63%
Oceania Isole Marshall
61%
Asia Libano
61%
Oceania Nauru
61%
Oceania Stati Federati di Micronesia
61%
America del Nord Barbados
59%
Asia Birmania
57%
Oceania Kiribati
57%
Asia Nepal
57%
Asia Pakistan
57%
Asia Bangladesh
52%
Africa Capo Verde
52%
America del Sud Suriname
52%
Africa Somalia
48%
Asia Singapore
46%
America del Nord Trinidad e Tobago
46%
Africa Botswana
39%
Africa Mauritius
33%
Nessun quiz corrispondente trovato
Distribuzione punteggi
Percentuale di utenti per punteggio
Percentile per numero di risposta
I tuoi punteggi nel tempo
Non hai fatto questo quiz